<?xml version="1.0" encoding="UTF-8"?><?xml-stylesheet type="text/xsl" href="static/style.xsl"?><OAI-PMH xmlns="http://www.openarchives.org/OAI/2.0/" xmlns:xsi="http://www.w3.org/2001/XMLSchema-instance" xsi:schemaLocation="http://www.openarchives.org/OAI/2.0/ http://www.openarchives.org/OAI/2.0/OAI-PMH.xsd"><responseDate>2026-04-27T21:26:19Z</responseDate><request verb="GetRecord" identifier="oai:uvadoc.uva.es:10324/5948" metadataPrefix="marc">https://uvadoc.uva.es/oai/request</request><GetRecord><record><header><identifier>oai:uvadoc.uva.es:10324/5948</identifier><datestamp>2026-03-27T09:31:24Z</datestamp><setSpec>com_10324_1179</setSpec><setSpec>com_10324_931</setSpec><setSpec>com_10324_894</setSpec><setSpec>col_10324_1306</setSpec></header><metadata><record xmlns="http://www.loc.gov/MARC21/slim" xmlns:doc="http://www.lyncode.com/xoai" xmlns:xsi="http://www.w3.org/2001/XMLSchema-instance" xmlns:dcterms="http://purl.org/dc/terms/" xsi:schemaLocation="http://www.loc.gov/MARC21/slim http://www.loc.gov/standards/marcxml/schema/MARC21slim.xsd">
<leader>00925njm 22002777a 4500</leader>
<datafield tag="042" ind1=" " ind2=" ">
<subfield code="a">dc</subfield>
</datafield>
<datafield tag="720" ind1=" " ind2=" ">
<subfield code="a">Pérez Castrillon, José Luis</subfield>
<subfield code="e">author</subfield>
</datafield>
<datafield tag="720" ind1=" " ind2=" ">
<subfield code="a">Olmos, José Manuel</subfield>
<subfield code="e">author</subfield>
</datafield>
<datafield tag="720" ind1=" " ind2=" ">
<subfield code="a">Nan, Daniel N.</subfield>
<subfield code="e">author</subfield>
</datafield>
<datafield tag="720" ind1=" " ind2=" ">
<subfield code="a">Castillo Vegas, Jesús Luis</subfield>
<subfield code="e">author</subfield>
</datafield>
<datafield tag="720" ind1=" " ind2=" ">
<subfield code="a">Arozamena, Jana</subfield>
<subfield code="e">author</subfield>
</datafield>
<datafield tag="720" ind1=" " ind2=" ">
<subfield code="a">Montero, Antonio</subfield>
<subfield code="e">author</subfield>
</datafield>
<datafield tag="720" ind1=" " ind2=" ">
<subfield code="a">Pérez Núñez, María I.</subfield>
<subfield code="e">author</subfield>
</datafield>
<datafield tag="720" ind1=" " ind2=" ">
<subfield code="a">Riancho Moral, José Antonio</subfield>
<subfield code="e">author</subfield>
</datafield>
<datafield tag="260" ind1=" " ind2=" ">
<subfield code="c">2009</subfield>
</datafield>
<datafield tag="520" ind1=" " ind2=" ">
<subfield code="a">Wnt ligands are important regulators of skeletal&#xd;
homeostasis. Wnt10B tends to stimulate the differentiation&#xd;
of common mesenchymal precursors toward the osteoblastic&#xd;
lineage, while inhibiting adipocytic differentiation.&#xd;
Hence, we decided to explore the association of WNT10B&#xd;
allelic variants with bone mineral density and osteoporotic&#xd;
fractures. A set of tag SNPs capturing most common&#xd;
variations of the WNT10B gene was genotyped in 1438&#xd;
Caucasian postmenopausal women, including 146 with&#xd;
vertebral fractures and 432 with hip fractures. We found no&#xd;
association between single SNPs and spine or hip bone&#xd;
mineral density (BMD). In the multilocus analysis, some&#xd;
haplotypes showed a slight association with spine BMD&#xd;
(P = 0.03), but it was not significant after multiple-test&#xd;
correction. There was no association between genotype and&#xd;
vertebral or hip fractures. Transcripts of WNT10B and&#xd;
other Wnt ligands were detected in human bone samples by&#xd;
real-time PCR. However, there was no relationship&#xd;
between genotype and RNA abundance. Thus, WNT10B is&#xd;
expressed in the bone microenvironment and may be an&#xd;
important regulator of osteoblastogenesis, but we have not found evidence for a robust association of common&#xd;
WNT10B gene allelic variants with either BMD or fractures&#xd;
in postmenopausal women.</subfield>
</datafield>
<datafield tag="024" ind2=" " ind1="8">
<subfield code="a">Calcified Tissue International, 2009, vol. 85, p. 113-118</subfield>
</datafield>
<datafield tag="024" ind2=" " ind1="8">
<subfield code="a">0171-967X</subfield>
</datafield>
<datafield tag="024" ind2=" " ind1="8">
<subfield code="a">http://uvadoc.uva.es/handle/10324/5948</subfield>
</datafield>
<datafield tag="024" ind2=" " ind1="8">
<subfield code="a">10.1007/s00223-009-9256-4</subfield>
</datafield>
<datafield tag="024" ind2=" " ind1="8">
<subfield code="a">113</subfield>
</datafield>
<datafield tag="024" ind2=" " ind1="8">
<subfield code="a">118</subfield>
</datafield>
<datafield tag="024" ind2=" " ind1="8">
<subfield code="a">Calcified Tissue International</subfield>
</datafield>
<datafield tag="024" ind2=" " ind1="8">
<subfield code="a">85</subfield>
</datafield>
<datafield ind1=" " ind2=" " tag="653">
<subfield code="a">Osteoporosis</subfield>
</datafield>
<datafield ind1=" " ind2=" " tag="653">
<subfield code="a">Huesos-Fracturas</subfield>
</datafield>
<datafield tag="245" ind1="0" ind2="0">
<subfield code="a">Polymorphisms of the WNT10B Gene, Bone Mineral Density, and Fractures in Postmenopausal Women</subfield>
</datafield>
</record></metadata></record></GetRecord></OAI-PMH>